000 00323nam a22001337a 4500
008 230314b |||||||| |||| 00| 0 eng d
020 _a978-81-315-0139-9
082 _a658.3
100 _aSnell and Bohlander
245 _aHuman Resource Management
260 _bCentage Learning
300 _a621 p.
_c25 cm
942 _2ddc
999 _c9421
_d9422